000 00436nam a2200181Ia 4500
005 20240823062813.0
008 240823s9999||||xx |||||||||||||| ||und||
041 _aENGLISH
082 _A006.33 N1
100 _a"Bowen,Kenneth A"
245 0 _aProlog and Expert Systems
250 _a1st
260 _c1991
_b"MGH,New York"
500 _aYES
650 _aExpert Systems
_bInformation Technology
942 _cBK
999 _c236746
_d236746